|
|
|
|
| LEADER |
00000nam2a2200000 4500 |
| 001 |
147920 |
| 005 |
20231101221327.0 |
| 010 |
|
|
|a 9785390001011
|
| 035 |
|
|
|a (RuTPU)RU\TPU\book\160347
|
| 035 |
|
|
|a RU\TPU\book\160346
|
| 090 |
|
|
|a 147920
|
| 100 |
|
|
|a 20081124d2008 km y0rusy50 ca
|
| 101 |
0 |
|
|a rus
|
| 102 |
|
|
|a RU
|
| 105 |
|
|
|a y z 000zd
|
| 200 |
0 |
|
|a Т. 4
|
| 210 |
|
|
|d 2008
|
| 215 |
|
|
|a 384 с.
|
| 330 |
|
|
|a Издание впервые объединяет историю развития мирового хозяйства и историю экономической мысли, включая философские концепции классиков экономической пауки и экономические взгляды знаменитых философов. Будет незаменимо при подготовке к экзаменам кандидатского минимума по истории и философии экономики.
|
| 461 |
|
1 |
|0 (RuTPU)RU\TPU\book\160723
|y 978-5-85971-929-7
|t Экономическая история мира
|o в 6 т.
|f Российская академия наук (РАН), Институт Европы (ИЕ) ; Институт экономики (ИЭ) ; Кафедра экономической теории и предпринимательства ; под ред. М. В. Конотопова
|v Т. 4
|d 2008
|
| 606 |
|
|
|a Мировая экономика
|x История
|2 stltpush
|3 (RuTPU)RU\TPU\subj\44106
|9 63480
|
| 610 |
1 |
|
|a экономика
|
| 610 |
1 |
|
|a история
|
| 610 |
1 |
|
|a экономическая история
|
| 610 |
1 |
|
|a Англия
|
| 610 |
1 |
|
|a Франция
|
| 610 |
1 |
|
|a США
|
| 610 |
1 |
|
|a Япония
|
| 610 |
1 |
|
|a СССР
|
| 610 |
1 |
|
|a Советское государство
|
| 610 |
1 |
|
|a промышленность
|
| 610 |
1 |
|
|a депрессия
|
| 610 |
1 |
|
|a военный коммунизм
|
| 610 |
1 |
|
|a сельское хозяйство
|
| 610 |
1 |
|
|a НЭП
|
| 610 |
1 |
|
|a Гоэлро
|
| 610 |
1 |
|
|a торговля
|
| 610 |
1 |
|
|a финансы
|
| 610 |
1 |
|
|a 20 век
|
| 610 |
1 |
|
|a Великая Отечественная война 1941-1945
|
| 610 |
1 |
|
|a ФРГ
|
| 610 |
1 |
|
|a экономическое развитие
|
| 610 |
1 |
|
|a Латинская Америка
|
| 610 |
1 |
|
|a Китай
|
| 610 |
1 |
|
|a Венгрия
|
| 610 |
1 |
|
|a Албания
|
| 610 |
1 |
|
|a ГДР
|
| 610 |
1 |
|
|a Польша
|
| 610 |
1 |
|
|a Румыния
|
| 610 |
1 |
|
|a Чехия
|
| 610 |
1 |
|
|a Словакия
|
| 610 |
1 |
|
|a Югославия
|
| 610 |
1 |
|
|a Македония
|
| 610 |
1 |
|
|a Хорватия
|
| 610 |
1 |
|
|a Африка
|
| 610 |
1 |
|
|a рыночные реформы
|
| 686 |
|
|
|a У03(0)
|v LBC/SL-A
|2 rubbk
|
| 801 |
|
1 |
|a RU
|b 63413507
|c 20081024
|g PSBO
|
| 801 |
|
2 |
|a RU
|b 63413507
|c 20191128
|g PSBO
|
| 900 |
|
|
|a Экономическая история
|
| 900 |
|
|
|a История экономики
|
| 942 |
|
|
|c BK
|
| 959 |
|
|
|a 95/20081024
|d 1
|e 1100,00
|f ЧЗГЛ:1
|